| 000 | 00397nam a2200145 4500 | ||
|---|---|---|---|
| 999 |
_c734 _d734 |
||
| 008 | 191125b ||||| |||| 00| 0 eng d | ||
| 082 | 0 | 0 |
_a621.3 _bT5832 |
| 100 |
_9261 _aTimbie, William H. |
||
| 245 | 1 | 0 |
_aElements of Electricity _cby William H Timbie |
| 250 | _a3rd ed. | ||
| 260 |
_aNew York _bJohn Wiley & Sons _c1947 |
||
| 300 | _ax, 569 p. | ||
| 650 | 0 | _aElectrical Engineering | |
| 942 |
_2ddc _cBK |
||